El Nuevo mapa de Catalunya 1: 200.000 / José Ma Puchades Benito 200.000 / José Ma Puchades Benito
Publicado:
San Jorge, núm. 95 ( juny 1975), pàg 74 - 77 :
Materias:
Catalunya -- Mapes topogràfics
MARC
| LEADER | 00000nam a2200000Ia 4500 | ||
|---|---|---|---|
| 001 | |||
| 008 | 160829s9999 xx 000 0 cat d | ||
| 100 | |a Puchadas Benito, Josep M. |9 40839 | ||
| 245 | |a El Nuevo mapa de Catalunya 1: |b 200.000 / José Ma Puchades Benito | ||
| 260 | |a San Jorge, núm. 95 ( juny 1975), pàg 74 - 77 | ||
| 650 | |a Catalunya |x Mapes topogràfics |9 26799 | ||
| 901 | |a Arxiu | ||
| 942 | |n 1 | ||
| 952 | |0 0 |1 0 |4 0 |7 1 |9 50356 |a Arxiu |b Arxiu |d 2016-12-01 |l 0 |r 2016-12-01 00:00:00 |w 2016-12-01 |y ARXIU | ||
| 999 | |c 54198 |d 54198 | ||